000 00782nam a2200241 a 4500
008 951213s1979||||[C 0 slo c
020 _c18 Kčs.
_q(10000 výtl.)
040 _aSNK
_bslo
_cSNK
_eAACR2
041 1 _aslo
_hrus
044 _axo
_cSK
080 _a894.614.63-3
100 1 _aEbanoidze, Aleksandr
_4aut
245 1 0 _aSobáš po imeretínsky
_cAleksandr Ebanoidze ; Milan Tokár, Svetozár Mydlo, Milan Tokár
250 _a1., vyd.
260 _aBratislava
_bSlovenský spisovateľ
_c1979
_eBratislava
_fPravda
300 _a288 s., 15,84 AH
_c21 cm
490 0 _aNová sovietska tvorba
500 _aIlustr. na tit. dvojliste. Brož. 12,80 Kčs.
700 1 _aTokár, Milan
_4trl
700 1 _aMydlo, Svetozár
_4bkd
700 1 _aTokár, Milan
_4oth
958 _aA
999 _c10539
_d10539